Post-Truth Politics in the UK’s Brexit

Kritické zhodnotenie rozsahu, podľa ktorého bolo referendum o Brexite vo Veľkej Británii založené na politike post-pravdy. Dva faktory prispeli k tomuto novému fenoménu: technologické zmeny súvisiace s rozvojom sociálnych médií a nedôvera v demokratické inštitúcie. Zvýšenie potreby vedcov študovať d...

Descripción completa

Guardado en:
Detalles Bibliográficos
Autor principal: Marshall, Hannah
Otros Autores: Drieschová, Alena
Formato: Capítulo de libro
Lenguaje:inglés
Materias:
Etiquetas: Agregar Etiqueta
Sin Etiquetas, Sea el primero en etiquetar este registro!

MARC

LEADER 00000naa$a2200000$$$4500
001 0253163
005 20221220134704.5
041 0 |a eng 
044 |a CZ 
245 1 0 |a Post-Truth Politics in the UK’s Brexit  |c Hannah Marshall, Alena Drieschová 
520 |a Kritické zhodnotenie rozsahu, podľa ktorého bolo referendum o Brexite vo Veľkej Británii založené na politike post-pravdy. Dva faktory prispeli k tomuto novému fenoménu: technologické zmeny súvisiace s rozvojom sociálnych médií a nedôvera v demokratické inštitúcie. Zvýšenie potreby vedcov študovať denné aktivity obyvateľstva ako aktívneho tvorcu režimu. 
610 2 0 |a Veľká Británia 
610 2 0 |a dezintegrácia 
610 2 0 |a referendum 
610 2 0 |a Európska únia 
610 2 0 |a politika 
610 2 0 |a demokracia 
610 2 0 |a médiá 
610 2 0 |a médiá sociálne 
610 2 0 |a brexit 
100 1 |a Marshall, Hannah 
700 1 |a Drieschová, Alena